The Greek New Testament / (Record no. 53)
[ view plain ]
| 000 -LEADER | |
|---|---|
| fixed length control field | 01420cam a2200325Ia 4500 |
| 008 - FIXED-LENGTH DATA ELEMENTS--GENERAL INFORMATION | |
| fixed length control field | 111215s2010 gw b b 001 0 grc d |
| 020 ## - INTERNATIONAL STANDARD BOOK NUMBER | |
| International Standard Book Number | 3438051109 |
| 020 ## - INTERNATIONAL STANDARD BOOK NUMBER | |
| International Standard Book Number | 3438051117 |
| 020 ## - INTERNATIONAL STANDARD BOOK NUMBER | |
| International Standard Book Number | 3438051133 (with dictionary) :Philippine Bible Society |
| 020 ## - INTERNATIONAL STANDARD BOOK NUMBER | |
| International Standard Book Number | 9783438051103 |
| 020 ## - INTERNATIONAL STANDARD BOOK NUMBER | |
| International Standard Book Number | 9783438051370 |
| 041 0# - LANGUAGE CODE | |
| Language code of text/sound track or separate title | grceng |
| 130 0# - MAIN ENTRY--UNIFORM TITLE | |
| Uniform title | Bible. |
| Name of part/section of a work | N.T. |
| Language of a work | Greek. |
| Date of a work | 2010. |
| 245 14 - TITLE STATEMENT | |
| Title | The Greek New Testament / |
| Statement of responsibility, etc | former editions edited by Kurt Aland ... [et al.] ; in cooperation with the Institute for New Testament Textual Research, Munster/Westphalia. |
| 250 ## - EDITION STATEMENT | |
| Edition statement | 4th rev. ed. / edited by Barbara Aland ... [et al.] |
| 260 ## - PUBLICATION, DISTRIBUTION, ETC. (IMPRINT) | |
| Place of publication, distribution, etc | Stuttgart : |
| Name of publisher, distributor, etc | Deutsche Bibelgesellschaft ; |
| Place of publication, distribution, etc | [S.l.] : |
| Name of publisher, distributor, etc | United Bible Societies, |
| Date of publication, distribution, etc | c2010. |
| 300 ## - PHYSICAL DESCRIPTION | |
| Extent | xv, 62*, 918 p. : |
| Other physical details | col. maps ; |
| Dimensions | 20 cm. |
| 500 ## - GENERAL NOTE | |
| General note | "Principal manuscripts and versions" inserted. |
| 500 ## - GENERAL NOTE | |
| General note | Includes revised dictionary. |
| 500 ## - GENERAL NOTE | |
| General note | Maps on lining papers. |
| 504 ## - BIBLIOGRAPHY, ETC. NOTE | |
| Bibliography, etc | Includes bibliography (p. [54*]-62*), textual apparatus including bibliographical references at the foot of each page of the text, and indexes. |
| 546 ## - LANGUAGE NOTE | |
| Language note | Prefaces and introduction in English. |
| 630 04 - SUBJECT ADDED ENTRY--UNIFORM TITLE | |
| Uniform title | Bible. N.T. Greek. |
| 700 1# - ADDED ENTRY--PERSONAL NAME | |
| Personal name | Aland, Kurt. |
| 700 1# - ADDED ENTRY--PERSONAL NAME | |
| Personal name | Aland, Barbara. |
| 710 2# - ADDED ENTRY--CORPORATE NAME | |
| Corporate name or jurisdiction name as entry element | Deutsche Bibelgesellschaft. |
| 710 2# - ADDED ENTRY--CORPORATE NAME | |
| Corporate name or jurisdiction name as entry element | United Bible Societies. |
| 710 2# - ADDED ENTRY--CORPORATE NAME | |
| Corporate name or jurisdiction name as entry element | Universitat Munster. |
| Subordinate unit | Institut fur Neutestamentliche Textforschung. |
| 541 ## - IMMEDIATE SOURCE OF ACQUISITION NOTE | |
| Accession number | 34782 |
| -- | 00041376 |
| Withdrawn status | Lost status | Source of classification or shelving scheme | Damaged status | Not for loan | Home library | Current library | Shelving location | Date acquired | Source of acquisition | Total Checkouts | Full call number | Barcode | Date last seen | Price effective from | Koha item type |
|---|---|---|---|---|---|---|---|---|---|---|---|---|---|---|---|
| Library of Congress Classification | BSOP Library | BSOP Library | 12/09/2011 | Gift: PBS | BS1965 B47ubs 2010 | 34782 | 00041376 | 02/23/2013 | 02/23/2013 | Books |
